[Event "Skopje op-B"]
[Site "Skopje"]
[Date "2024.12.13"]
[Round "3"]
[White "Jancev, Valentin"]
[Black "Burns, Elisaveta"]
[Result "0-1"]
[WhiteElo "1765"]
[BlackElo "1505"]
[PlyCount "100"]
[EventDate "2024.12.11"]
[EventType "swiss"]
[EventRounds "9"]
[EventCountry "MKD"]
[SourceTitle "CB52_2024"]
[SourceDate "2024.12.25"]
[SourceVersion "1"]
[SourceVersionDate "2024.12.25"]
[SourceQuality "1"]

1. d4 d5 2. Nf3 Nf6 3. Bf4 Bf5 4. e3 e6 5. Bd3 Bg4 6. h3 Bh5 7. Nbd2 Bd6 8. Bxd6 cxd6 9. c3 Nbd7 10. Qb3 Qb6 11. 0-0 Qxb3 12. axb3 0-0 13. Rfe1 a6 14. g4 Bg6 15. Bxg6 hxg6 16. e4 dxe4 17. Nxe4 Nxe4 18. Rxe4 Nf6 19. Re2 Nd5 20. Ng5 Rfe8 21. Rae1 Nf4 22. Re3 e5 23. dxe5 dxe5 24. h4 f6 25. Nh3 Nxh3+ 26. Rxh3 Rad8 27. Rhe3 Rd2 28. R1e2 Red8 29. Kf1 Kf7 30. Rxd2 Rxd2 31. Re2 Rd1+ 32. Re1 Rxe1+ 33. Kxe1 Ke6 34. Ke2 f5 35. f3 Kd5 36. Kd3 b5 37. c4+ Kc5 38. Kc3 e4 39. b4+ Kc6 40. gxf5 exf3 41. cxb5+ axb5 42. Kd3 gxf5 43. Ke3 Kd5 44. Kxf3 Ke5 45. Ke3 f4+ 46. Kf3 g6 47. Kf2 Ke4 48. Ke2 f3+ 49. Kf2 Kf4 50. b3 Kg4 0-1

[Event "FRM-ch op"]
[Site "Skopje"]
[Date "2024.05.15"]
[Round "6"]
[White "Jancev, Valentin"]
[Black "Mihajlovski, Petre"]
[Result "1/2-1/2"]
[WhiteElo "1752"]
[BlackElo "1978"]
[PlyCount "37"]
[EventDate "2024.05.11"]
[EventType "swiss"]
[EventRounds "9"]
[EventCountry "MKD"]
[SourceTitle "CBM 220 Extra"]
[Source "ChessBase"]
[SourceDate "2024.07.31"]
[SourceVersion "1"]
[SourceVersionDate "2024.07.31"]
[SourceQuality "1"]

1. Nf3 d5 2. g3 e6 3. d3 f5 4. Bg5 Nf6 5. Nbd2 Be7 6. Bxf6 Bxf6 7. c3 0-0 8. Bg2 Nd7 9. 0-0 c6 10. Re1 e5 11. e4 dxe4 12. dxe4 f4 13. Nc4 fxg3 14. hxg3 Qe7 15. Nd6 Nc5 16. b4 Ne6 17. Nxc8 Raxc8 18. Qb3 Kh8 19. Bh3 1/2-1/2

[Event "FRM-ch op"]
[Site "Skopje"]
[Date "2023.05.09"]
[Round "7"]
[White "Jancev, Valentin"]
[Black "Radonjanin, Nikola"]
[Result "1/2-1/2"]
[WhiteElo "1693"]
[BlackElo "1201"]
[PlyCount "21"]
[EventDate "2023.05.04"]
[EventType "swiss"]
[EventRounds "9"]
[EventCountry "MKD"]
[SourceTitle "CBM 214 Extra"]
[Source "ChessBase"]
[SourceDate "2023.07.31"]
[SourceVersion "1"]
[SourceVersionDate "2023.07.31"]
[SourceQuality "1"]

1. d4 d5 2. Nf3 c5 3. e3 e6 4. a3 Nc6 5. dxc5 Bxc5 6. b4 Bd6 7. Bb2 Nf6 8. c4 dxc4 9. Bxc4 Qc7 10. Bb3 Bd7 11. Nc3 1/2-1/2

[Event "FRM-ch op"]
[Site "Skopje"]
[Date "2023.05.06"]
[Round "3"]
[White "Jancev, Valentin"]
[Black "Stefanoski, Daniel"]
[Result "1/2-1/2"]
[WhiteElo "1693"]
[BlackElo "1137"]
[PlyCount "49"]
[EventDate "2023.05.04"]
[EventType "swiss"]
[EventRounds "9"]
[EventCountry "MKD"]
[SourceTitle "CBM 214 Extra"]
[Source "ChessBase"]
[SourceDate "2023.07.31"]
[SourceVersion "1"]
[SourceVersionDate "2023.07.31"]
[SourceQuality "1"]

1. d4 Nf6 2. Nf3 d6 3. Bf4 Nbd7 4. e3 Nh5 5. Bg3 Nxg3 6. hxg3 g6 7. Nbd2 Bg7 8. Be2 0-0 9. c3 Re8 10. 0-0 e5 11. dxe5 Nxe5 12. Nxe5 Bxe5 13. Nf3 Bg7 14. Nd4 a6 15. Bg4 Bxg4 16. Qxg4 f5 17. Qf3 c6 18. Rfd1 Qe7 19. g4 fxg4 20. Qxg4 d5 21. Nf3 Rad8 22. Rd2 Qe4 23. Qxe4 Rxe4 24. Rad1 Rf8 25. Nd4 1/2-1/2

[Event "FRM-ch op"]
[Site "Struga"]
[Date "2021.07.26"]
[Round "4"]
[White "Bojkovski, Matej"]
[Black "Jancev, Valentin"]
[Result "1-0"]
[WhiteElo "1358"]
[BlackElo "1772"]
[PlyCount "101"]
[EventDate "2021.07.24"]
[EventType "swiss"]
[EventRounds "9"]
[EventCountry "MKD"]
[SourceTitle "CBM 203 Extra"]
[Source "ChessBase"]
[SourceDate "2021.09.30"]
[SourceVersion "1"]
[SourceVersionDate "2021.09.30"]
[SourceQuality "1"]

1. e4 e6 2. d4 d5 3. exd5 exd5 4. Nf3 Nf6 5. Bd3 Bd6 6. 0-0 0-0 7. Bg5 Bg4 8. Nbd2 Nbd7 9. c3 c6 10. Qc2 Qc7 11. Rfe1 Rfe8 12. Ne5 Bxe5 13. dxe5 Rxe5 14. Rxe5 Qxe5 15. Bh4 Re8 16. f3 Bh5 17. Re1 Qb8 18. Nb3 Rxe1+ 19. Bxe1 Qe8 20. Bf2 a6 21. Nd4 Bg6 22. Kf1 Bxd3+ 23. Qxd3 Nc5 24. Qc2 Ne6 25. Ne2 Qd7 26. Qf5 Nf8 27. Nd4 Qxf5 28. Nxf5 N8d7 29. Nd6 b5 30. Nc8 Kf8 31. Ke2 Ke8 32. Kd3 Kd8 33. Nd6 Ke7 34. Nf5+ Kf8 35. b4 g6 36. Nd6 Ke7 37. Nb7 Nb8 38. Kd4 Nfd7 39. Bg3 f6 40. Bxb8 Nxb8 41. Kc5 Kd7 42. Kb6 Kc8 43. Nc5 h6 44. Ne6 g5 45. Nd4 Kd7 46. Kb7 Kd6 47. Kxb8 c5 48. Nb3 cxb4 49. cxb4 Ke5 50. Kb7 d4 51. Kxa6 1-0

[Event "Skopje op"]
[Site "Skopje"]
[Date "2019.12.06"]
[Round "1"]
[White "Jancev, Valentin"]
[Black "Trajanovski, Zoki"]
[Result "1/2-1/2"]
[WhiteElo "1847"]
[BlackElo "1051"]
[PlyCount "57"]
[EventDate "2019.12.06"]
[EventType "swiss"]
[EventRounds "9"]
[EventCountry "MKD"]
[SourceTitle "CBM 193 Extra"]
[Source "ChessBase"]
[SourceDate "2020.01.31"]
[SourceVersion "1"]
[SourceVersionDate "2020.01.31"]
[SourceQuality "1"]

1. d4 d5 2. Nf3 Bg4 3. Bf4 e6 4. e3 c5 5. c3 cxd4 6. exd4 Bd6 7. Bg3 Nf6 8. Be2 Bxf3 9. Bxf3 0-0 10. Nd2 Re8 11. 0-0 Nc6 12. Re1 e5 13. dxe5 Nxe5 14. Bxe5 Rxe5 15. Qb3 Rxe1+ 16. Rxe1 Bf4 17. Qc2 d4 18. cxd4 Qxd4 19. Nb3 Qb4 20. Qe2 h6 21. Qd1 a5 22. g3 a4 23. gxf4 axb3 24. axb3 Qxf4 25. Re7 Qg5+ 26. Bg2 Ng4 27. Re4 h5 28. h3 Nf6 29. Rd4 1/2-1/2

[Event "FRM-ch"]
[Site "Ohrid"]
[Date "2017.08.20"]
[Round "8"]
[White "Koskoska, Gabriela"]
[Black "Jancev, Valentin"]
[Result "1/2-1/2"]
[WhiteElo "2057"]
[BlackElo "1814"]
[PlyCount "20"]
[EventDate "2017.08.13"]
[EventType "swiss"]
[EventRounds "9"]
[EventCountry "MKD"]
[SourceTitle "CBM 180 Extra"]
[Source "ChessBase"]
[SourceDate "2017.10.06"]
[SourceVersion "1"]
[SourceVersionDate "2017.10.06"]
[SourceQuality "1"]

1. c4 e6 2. e4 b6 3. Nc3 Bb7 4. Nf3 Bb4 5. Bd3 Bxc3 6. dxc3 h6 7. 0-0 c5 8. Qe2 Nc6 9. Bf4 Nge7 10. Rad1 Ng6 1/2-1/2

[Event "FRM-ch op 25th"]
[Site "Struga"]
[Date "2016.07.22"]
[Round "7"]
[White "Jancev, Valentin"]
[Black "Zvezdakoski, Matej"]
[Result "1/2-1/2"]
[WhiteElo "1857"]
[BlackElo "1566"]
[PlyCount "97"]
[EventDate "2016.07.16"]
[EventType "swiss"]
[EventRounds "9"]
[EventCountry "MKD"]
[SourceTitle "CBM 173 Extra"]
[Source "ChessBase"]
[SourceDate "2016.08.29"]
[SourceVersion "1"]
[SourceVersionDate "2016.08.29"]
[SourceQuality "1"]

1. d4 Nf6 2. Nf3 e6 3. Bf4 d5 4. e3 Be7 5. Bd3 Nbd7 6. c3 c5 7. Qc2 c4 8. Be2 Ne4 9. Nbd2 f5 10. Nxe4 fxe4 11. Ne5 Nxe5 12. Bxe5 Bf6 13. Bg3 0-0 14. 0-0 Qe7 15. f3 e5 16. fxe4 exd4 17. cxd4 dxe4 18. Bxc4+ Be6 19. Bxe6+ Qxe6 20. Qb3 Qxb3 21. axb3 Bg5 22. Bf4 Bxf4 23. Rxf4 Rxf4 24. exf4 e3 25. Re1 Re8 26. Kf1 Re4 27. Ke2 Rxd4 28. Kxe3 Rb4 29. Re2 Rxb3+ 30. Ke4 Kf7 31. g3 Ke6 32. Kd4+ Kd6 33. Kc4 Rf3 34. b4 Rf1 35. Rd2+ Kc6 36. b5+ Kc7 37. Re2 Rc1+ 38. Kb3 Rb1+ 39. Ka4 Ra1+ 40. Kb3 Rb1+ 41. Ka2 Rd1 42. Kb3 Rb1+ 43. Kc2 Rxb5 44. Re7+ Kd6 45. Rxg7 h5 46. Rg6+ Kd7 47. Rg5 Rxg5 48. fxg5 Ke6 49. h4 1/2-1/2

[Event "FRM-ch op 25th"]
[Site "Struga"]
[Date "2016.07.18"]
[Round "3"]
[White "Jancev, Valentin"]
[Black "Jordanov, Mihail"]
[Result "1/2-1/2"]
[WhiteElo "1857"]
[BlackElo "1440"]
[PlyCount "74"]
[EventDate "2016.07.16"]
[EventType "swiss"]
[EventRounds "9"]
[EventCountry "MKD"]
[SourceTitle "CBM 173 Extra"]
[Source "ChessBase"]
[SourceDate "2016.08.29"]
[SourceVersion "1"]
[SourceVersionDate "2016.08.29"]
[SourceQuality "1"]

1. d4 d5 2. Nf3 Nf6 3. Bf4 c5 4. c3 Qb6 5. Qc2 Nc6 6. e3 Bf5 7. dxc5 Bxc2 8. cxb6 axb6 9. Na3 Be4 10. Nb5 Rc8 11. Nc7+ Kd7 12. Nb5 Bxf3 13. gxf3 h6 14. 0-0-0 g5 15. Bg3 e6 16. h4 Be7 17. hxg5 hxg5 18. Be2 Nh5 19. Kb1 f5 20. f4 gxf4 21. exf4 Nf6 22. c4 Na5 23. cxd5 Nxd5 24. Rxh8 Rxh8 25. Bf3 Kc6 26. Nd4+ Kd6 27. Nxf5+ exf5 28. Rxd5+ Ke6 29. Rb5 Bc5 30. b4 Nc4 31. bxc5 Na3+ 32. Kb2 Nxb5 33. cxb6 Nd6 34. Kb3 Ra8 35. Bh4 Rh8 36. Bg3 Ra8 37. Bh4 Rh8 1/2-1/2